000 004940000a22001810004500
003 MACL
005 20160302160725.0
008 160302b xxu||||| |||| 00| 0 eng d
040 _aMACL
_cMACL
041 _aHindi
082 _a891.431
100 _aगुप्‍त महेश
_942172
245 _aगीतालय
260 _bसाहित्‍य संस्‍थान
_c1981
_aभोपाल
350 _a20
650 _aPoetry
_942173
942 _cHIN
_k891.431
_2ddc
999 _c28241
_d28241